000 00832 a2200241 4500
003 OSt
005 20230623101231.0
008 230201s2016 mx a|||f |||| 001 0 spa d
020 _a9786071727619
040 _cCHAP
082 0 0 _222
_a635.64285
_bR69 2016
100 1 _998492
_aRodríguez Fuentes, Humberto
245 1 3 _aEl tomate rojo:
_b sistema hidropónico /
_cpor Humberto Rodríguez Fuentes, Sergio Muñoz López y Efraín Alcorta García
250 _aTercera edición
260 _aMéxico:
_bTrillas,
_c2016.
264 1 _aMéxico:
_bTrillas,
_c2016.
300 _a96 páginas:
_bIlustraciones, cuadros
500 _aIncluye índice y bibliografía
650 4 _9125666
_aTomate
_xCultivos hidropónicos
700 1 _9187453
_aMuñoz López, Sergio
700 1 _9187454
_aAlcorta García, Efraín
942 _cLibro
_2ddc
999 _c218214
_d218214